Przedmioty w klasie 5 podstawówki - Statystyki

Ogólne statystyki
  • Ten quiz został rozwiązany 42 razy
  • Średni wynik to 12 z 14
Statystyki odpowiedzi
* Przedmiot % Poprawnych
język angielski
100%
język polski
100%
wychowanie fizyczne
97%
muzyka
94%
biologia
91%
geografia
91%
matematyka
91%
plastyka
91%
* religia
91%
historia
88%
technika
85%
* wychowanie do życia w rodzinie
79%
informatyka
70%
godzina wychowawcza
42%
Nie znaleziono quizów pasujących do podanych kryteriów
Rozkład punktacji
Procent ludzi z każdym wynikiem
Percentyl według liczby udzielonych odpowiedzi
Twoja historia wyników
Nie rozwiązałeś tego quizu